Największe miasta nad Wartą - Statystyki

Ogólne statystyki
  • Ten quiz został rozwiązany 56 razy
  • Średni wynik to 5 z 10
Statystyki odpowiedzi
Ludność Miasto % Poprawnych
541 316 Poznań
100%
115 847 Gorzów Wielkopolski
75%
208 282 Częstochowa
74%
68 483 Konin
74%
40 891 Sieradz
49%
47 720 Zawiercie
43%
19 686 Koło
42%
30 072 Myszków
32%
27 617 Śrem
28%
32 848 Luboń
21%
Nie znaleziono quizów pasujących do podanych kryteriów
Rozkład punktacji
Procent ludzi z każdym wynikiem
Percentyl według liczby udzielonych odpowiedzi
Twoja historia wyników
Nie rozwiązałeś tego quizu